000 00692nam a2200217Ia 4500
005 20230502105538.0
008 210716s2007 xx 000 0 und d
020 _a9780070472969
040 _cAIMIT LIBRARY
041 _aeng
082 _a004.69
_21
_bKAMR
100 _aKamal,Raj.
_995764
245 _aInternet and web technologies /
_cBy Raj Kamal.
250 _a1st ed.
260 _aNew Delhi :
_bTata Mc Graw Hill ,
_c2008.
300 _axv,519p. ;
_bPB
_c24 cm.
650 _aWeb servers browsers and security
_995765
650 _aNetwork and security programming using java
_995766
650 _aDynamic functionality in web pages
_995767
942 _2ddc
_cBK
_e1st
_k004.69 KAMR
999 _c188473
_d188473